MATHEMATICAL STATISTICS (Record no. 22475)

MARC details
000 -LEADER
fixed length control field 00280nam a22001337a 4500
003 - CONTROL NUMBER IDENTIFIER
control field SGT
020 ## - INTERNATIONAL STANDARD BOOK NUMBER
International Standard Book Number 978-0-387-95382-3
082 ## - DEWEY DECIMAL CLASSIFICATION NUMBER
Classification number 519.5
Item number SHA
100 ## - MAIN ENTRY--PERSONAL NAME
Personal name SHAO, JUN
245 ## - TITLE STATEMENT
Title MATHEMATICAL STATISTICS
260 ## - PUBLICATION, DISTRIBUTION, ETC. (IMPRINT)
Place of publication, distribution, etc USA
Name of publisher, distributor, etc SPRINGER
Year of Publication 2003
300 ## - PAGE DESCRIPTION
No. of Pages 591
942 ## - ADDED ENTRY ELEMENTS (KOHA)
Source of classification or shelving scheme Dewey Decimal Classification
Koha item type Books
Holdings
Withdrawn status Lost status Source of classification or shelving scheme Damaged status Not for loan Collection code Home library Current library Shelving location Date acquired Vendor Name SGTU Bill Number Full call number Accession No. (Barcode) Date last seen Bill Date Koha item type
    Dewey Decimal Classification   Not For Loan SCIENCE SGT Science & Social Sciences Library SGT Science & Social Sciences Library Reference Book 07/03/2022 ABC SGTU 13842 519.5 SHA PS6653 07/03/2022   Books